000 00724nam a2200217Ii 4500
003 JO-AjNU
008 230605s9999||||xx |||||||||||||| ||und||
017 _a2009/6/2748
040 _aJO-AjNU
_bara
_erda
_cJO-AjNU
041 _aara
050 1 4 _aTK8105.S546.2010
100 3 _aشلبياية ،مراد/م مشارك ماهر جابر ، وائل ابو ملغي ,
_eauthor
_928510
245 0 0 _aمقدمة الى الانترنت=Introducation to the internet
250 _aط1
264 3 1 _aعمان:دار المسيرة للنشر، 2010
300 _a446ص
336 _atext
_btxt
_2rdacontent
337 _aunmediated
_bn
_2rdamedia
338 _avolume
_bnc
_2rdacarrier
650 4 _aالانترنت
_928511
999 _aA11067
_c14635
_d14635